Statistiken für Deutsche Geschichte - Mai

Klicken Sie hier um das Quiz zu spielen!

Allgemein

  • Dieses Quiz wurde 55 mal gespielt
  • Das Durchschnittsergebnis liegt bei 18 aus 31

Antwortstatistiken

TagJahrFrageAntwort% Korrekt
11920Die deutschen Bundesländer Sachsen-Altenburg, Sachsen-Gotha, Sachsen-Meiningen, Sachsen-Weimar-Eisenach, Schwarzburg-Rudolstadt, Schwarzburg-Sondershausen und der Volksstaat Reuß schließen sich zu diesem neuen Bundesland zusammenTThüringen
94%
311740Dieser König in Preußen wird gekröntFFriedrich II.
92%
131710Friedrich I. befiehlt die Errichtung dieses bekannten Berliner Krankenhauses, welches 1727 seinen heutigen französischen Namen erhältCCharité
90%
181848Nach der Märzrevolution tritt die Frankfurter Nationalversammlung erstmals in dieser Kirche zusammenP{Pauls}kirche
90%
161974Dieser Bundeskanzler wird vom Bundestag gewählt und setzt damit die Rot-Gelbe Koalition fortSHelmut Schmidt
86%
231949In Westdeutschland wird diese Verfassung verkündetGGrundgesetz
84%
41864Auf Einladung Ludwigs II. lässt sich dieser unter Geldmangel leidende Komponist in München nieder
Ein Jahr später wird hier seine Oper Tristan und Isolde uraufgeführt
WRichard Wagner
84%
221875In Gotha beginnt der Parteitag aus dem diese Partei hervorgehtSSPD | SAP
84%
111878Max Hödel verübt ein Attentat auf diesen Deutschen KaiserWWilhelm I.
84%
121925Dieser Reichspräsident wird vereidigtHPaul von Hindenburg
82%
141993In Leipzig vereinen sich Die Grünen mit dieser ParteiBBündnis 90
80%
61929Als Reaktion auf die Auschschreitungen des Blutmais verbietet der sozialdemokratische Innenminister Carl Severing den Rotfrontkämpferbund dem paramilitärischen Verband dieser ParteiKKommunistische Partei Deutschlands
80%
251983Mit einem 1:0-Sieg gegen Juventus Turin gewinnt dieser Fußballverein den Europapokal der Landesmeister (die Champions League)HHamburger SV
78%
71866
Ferdinand Cohen-Blind verübt ein Attentat auf diesen preußischen Ministerpräsidenten
Der Ministerpräsident kann den Attentäter entwaffnen nachdem dieser ihm 3 Streifschüsse und 2 Schüsse gegen die Rippen verpasst hat
BOtto von Bismarck
73%
281940Dieser belgische König kapituliert nach dem deutschen Überfall auf die Benelux-StaatenLLeopold III.
65%
241949Die am Vortag verkündete Verfassung tritt in Kraft
Diese (teilweise) als westdeutsch betrachteten Gebieten gehören noch nicht zum Geltungsbereich des Grundgesetzes
S|WSaarland | West-Berlin
65%
2617
(Nero Claudius) Germanicus, Vater des Caligula, führt in einem Triumphzug Thusnelda und Thumelicus vor
Sie sind Frau und Sohn dieses cheruskischen Fürsten
AArminius
59%
51525Martin Luther distanziert sich nach der Weinsberger Bluttat
mit seiner Schrift "Wider die Mordischen und Reubischen Rotten der Bawren" von der in diesem Krieg anfänglich von ihm unterstützten Seite
BDeutscher {Bauern}krieg
57%
151974Dieser geschäftsführende Bundeskanzler wird zum Bundespräsidenten gewählt
Einen Tag später wird der nächste Bundeskanzler vom Bundestag gewählt
SWalter Scheel
57%
301832In Neustadt an der Haardt (Neustadt an der Weinstraße) findet dieses patriotische "Fest" stattH{Hambacher} Fest
49%
291809Dieser Tiroler Freiheitskämpfer besiegt in der Zweiten Bergiselschlacht die Bayern und FranzosenHAndreas Hofer
47%
271942Den tschechoslowakischen Exil-Soldaten Jozef Gabčík und Jan Kubiš gelingt in Prag im Rahmen der Operation Anthropoid die Tötung dieses hochrangigen SS-Offiziers und Hauptorganisators des HolocaustsHReinhard Heydrich
43%
81945Dieser Kriegsverbrecher und Chef des Oberkommandos der Wehrmacht ratifiziert in Berlin-Karlshorst die bedingungslose Kapitulation der WehrmachtKWilhelm Keitel
35%
201631Während dieser "Hochzeit" in Sachsen-Anhalt sterben ungefähr 20.000 MenschenM{Magdeburger} Hochzeit
31%
101871Dieser Frieden beendet den Deutsch-Französischen KriegFFriede von {Frankfurt}
24%
91864In dieser Schlacht gelingt Dänemark ein Sieg über Österreich und PreußenHSeegefecht bei {Helgoland}
24%
171885Wilhelm II. stellt der _________-Kompagnie einen Schutzbrief für ein Territorium in der Südsee aus, aus dem später diese Kolonie hervorgingNDeutsch-{Neuguinea}
22%
191547
Die Wittenberger Kapitulation beendet diesen Glaubenskrieg zwischen dem Heiligen Römischen Reich Deutscher Nation und diesem protestantischen Fürstenbund
Nenne entweder den einen oder den anderen (da gleiche Antwort)
S{Schmalkaldischer} Krieg | {Schmalkaldischer} Bund
12%
21933
Die deutschen Gewerkschaften werden verboten
An ihre Stelle tritt diese am 10.Mai gegründete nationalsozialistische Organisation die das beschlagnahmte Gewerkschaftsvermögen übernimmt
DDeutsche Arbeitsfront
10%
211935Öffentliche Kundgebungen Heidelberger Corpsstudenten gegen Adolf Hitler und die nationalsozialistische HerrschaftSHeidelberger {Spargel}essen
4%
31945Die letzte nationalsozialistische Regierung in Deutschland nimmt unter Leitung dieses nationalsozialistischen Finanzministers die Arbeit aufKJohann Schwerin von Krosigk
2%

Verteilung der Resultate

Perzentil nach korrekt beantworteten Fragen

Anzahl Personen mit jedem Resultat

Ihre Resultats-Entwicklung

Sie haben dieses Quiz noch nicht gespielt